Феминизм и причины многообразия его трактовок; Прогрессивные технологии и экономика в машиностроении

書目詳細資料
Parent link:Прогрессивные технологии и экономика в машиностроении.— 2013.— [С. 516-518]
主要作者: Богданова В. П.
企業作者: Национальный исследовательский Томский политехнический университет (ТПУ) Юргинский технологический институт (филиал) (ЮТИ) Кафедра гуманитарного образования и иностранных языков (ГОИЯ)
其他作者: Петрова О. О. (научный руководитель), Королёва К. А., Гричин С. В. Сергей Владимирович
總結:Заглавие с экрана
語言:俄语
出版: 2013
叢編:Актуальные вопросы прикладной филологии в техническом ВУЗе
主題:
在線閱讀:http://www.lib.tpu.ru/fulltext/c/2013/C57/233.pdf
格式: MixedMaterials 電子 Book Chapter
KOHA link:https://koha.lib.tpu.ru/cgi-bin/koha/opac-detail.pl?biblionumber=606678

MARC

LEADER 00000naa2a2200000 4500
001 606678
005 20260304114058.0
035 |a (RuTPU)RU\TPU\conf\4057 
035 |a RU\TPU\conf\4056 
090 |a 606678 
100 |a 20140606d2013 k y0rusy50 ca 
101 0 |a rus 
102 |a RU 
135 |a drcn ---uucaa 
181 0 |a i  
182 0 |a b 
200 1 |a Феминизм и причины многообразия его трактовок  |f В. П. Богданова, О. О. Петрова, К. А. Королёва  |g науч. рук. С. В. Гричин 
203 |a Текст  |c электронный 
215 |a 1 файл(280 Кб) 
225 1 |a Актуальные вопросы прикладной филологии в техническом ВУЗе 
300 |a Заглавие с экрана 
337 |a Adobe Reader 
463 1 |0 (RuTPU)RU\TPU\conf\2057  |t Прогрессивные технологии и экономика в машиностроении  |o сборник трудов IV Всероссийской научно-практической конференции с элементами научной школы для студентов и учащейся молодежи, 4-6 апреля 2013 года, Юрга  |f Национальный исследовательский Томский политехнический университет (ТПУ), Юргинский технологический институт (ЮТИ) ; отв. за вып. Д. А. Чинахов  |v [С. 516-518]  |d 2013 
610 1 |a электронный ресурс 
610 1 |a труды учёных ТПУ 
610 1 |a феминизм 
610 1 |a многообразия 
610 1 |a трактовки 
700 1 |a Богданова  |b В. П. 
701 1 |a Петрова  |b О. О. 
701 1 |a Королёва  |b К. А. 
702 1 |a Гричин  |b С. В.  |c лингвист  |c заведующий кафедрой Юргинского технологического института (филиала) Томского политехнического университета, кандидат филологических наук  |f 1971-  |g Сергей Владимирович  |4 727  |9 10820 
712 0 2 |a Национальный исследовательский Томский политехнический университет (ТПУ)  |b Юргинский технологический институт (филиал) (ЮТИ)  |b Кафедра гуманитарного образования и иностранных языков (ГОИЯ)  |3 (RuTPU)RU\TPU\col\18978 
801 1 |a RU  |b 63413507  |c 20101016 
801 2 |a RU  |b 63413507  |c 20160203  |g RCR 
856 4 |u http://www.lib.tpu.ru/fulltext/c/2013/C57/233.pdf 
942 |c CF